11 Minutes - YUNGBLUD & Halsey Feat. Travis Barker - All Lyrics - Statistics

General Stats
  • This quiz has been taken 35 times
  • The average score is 330 of 437
Answer Stats
Answer % Correct
11
100%
I
100%
I'm
100%
minutes
100%
a
96%
and
96%
And
96%
away
96%
away,
96%
you
96%
You
96%
all
92%
All
92%
day
92%
are
88%
missed
88%
so
88%
So
88%
the
88%
aren't
83%
have
83%
her
83%
here?
83%
why
83%
Why
83%
your
83%
fuckin'
79%
me
79%
my
79%
on
79%
call
75%
Call
75%
can
75%
ever
75%
head
75%
I've
75%
sorry
75%
sorry,
75%
to
75%
you're
75%
You're
75%
best
71%
had
71%
line
71%
no
71%
other
71%
think
71%
chest
67%
in
67%
is
67%
see
67%
stupid,
67%
Tell
67%
want
67%
with
67%
worst
67%
down
63%
keeps
63%
need
63%
now
63%
Now
63%
sick,
63%
that
63%
what
63%
been
58%
callin'
58%
sad
58%
time
58%
can't
54%
even
54%
left
54%
read
54%
stick
54%
up
54%
acid
50%
alkaline
50%
arithmetic
50%
but
50%
didn't
50%
don't
50%
every
50%
Every
50%
for
50%
just
50%
mind
50%
nobody
50%
playing
50%
seen
50%
somebody
50%
there
50%
feet
46%
like
46%
lipstick
46%
love
46%
more
46%
red
46%
signs
46%
since
46%
stain
46%
thought
46%
throwing
46%
Touchin'
46%
wine
46%
finger
42%
make
42%
one
42%
run
42%
spine
42%
yeah,
42%
apologize
38%
bed
38%
bit
38%
body
38%
Come
38%
depressed
38%
fits
38%
floor
38%
hands
38%
it's
38%
middle
38%
never
38%
roses
38%
standing
38%
Talkin'
38%
than
38%
these
38%
was
38%
give
33%
sell
33%
single
33%
soul
33%
thoughts
33%
world
33%
would
33%
alone
29%
freeze
29%
helping
29%
lay
29%
turn
29%
get
25%
'round
25%
stone
25%
thinkin'
25%
bored
21%
Sunday,
21%
No matching quizzes found
Score Distribution
Percent of People with Each Score
Percentile by Number Answered
Your Score History
You have not taken this quiz